Sistema de monitoreo y control para el controlador de temperatura Omron E54K
שמור ב:
| מחבר ראשי: | |
|---|---|
| פורמט: | ספר |
| יצא לאור: |
[San José, Costa Rica]
2004
|
| נושאים: | |
| תגים: |
הוספת תג
אין תגיות, היה/י הראשונ/ה לתייג את הרשומה!
|
MARC
| LEADER | 00000nam a2200000Ia 4500 | ||
|---|---|---|---|
| 003 | 009397 | ||
| 005 | 20221231144135.0 | ||
| 008 | 140114s2004 cr a m 000 ||s d | ||
| 040 | |c cru CEDI | ||
| 090 | |a TFG 4938 | ||
| 100 | |a Bocker Jiménez, Steven Roy |9 6323 | ||
| 245 | |a Sistema de monitoreo y control para el controlador de temperatura Omron E54K | ||
| 260 | |c 2004 |a [San José, Costa Rica] | ||
| 300 | |a xii, 138 hojas : ilustraciones | ||
| 500 | |a Proyecto de graduación (bachillerato en ingeniería eléctrica)--Universidad de Costa Rica. Facultad de Ingeniería. Escuela de Ingeniería Eléctrica | ||
| 650 | |x TEMPERATURA |x CONTROL |x INGENIERÍA INDUSTRIAL |9 6324 | ||
| 942 | |c TFG | ||
| 999 | |c 17481 |d 17481 | ||
